000 00655nam a22002297a 4500
003 UA-OsUOA
001 53213
007 ta
008 20080324b un ||||| |||| 00| 0 ukr d
090 _a340(082)
_bН34
942 _cBK
040 _aUA-OsUOA
_bukr
_cUA-OsUOA
_dUA-OsUOA
245 _aНаукові записки
_bСерія "Право"
300 _a336 с.
955 _a2
041 _aukr
080 _a340(082)
260 _aОстрог
_c2000
250 _nВипуск 1
650 7 _a340 Право в цілому. Пропедевтика. Методи та допоміжні правничі науки
_2UDC
999 _c339298
_d339298